Eros and civilisation: (Record no. 225976)
[ view plain ]
| 000 -LEADER | |
|---|---|
| fixed length control field | 01102nam a22002657a 4500 |
| 005 - DATE AND TIME OF LATEST TRANSACTION | |
| control field | 20221220163011.0 |
| 008 - FIXED-LENGTH DATA ELEMENTS--GENERAL INFORMATION | |
| fixed length control field | 221220b ||||| |||| 00| 0 eng d |
| 020 ## - INTERNATIONAL STANDARD BOOK NUMBER | |
| International Standard Book Number | 0744800781 |
| 040 ## - CATALOGING SOURCE | |
| Transcribing agency | AL |
| 041 ## - LANGUAGE CODE | |
| Language code of text/sound track or separate title | eng |
| 082 ## - DEWEY DECIMAL CLASSIFICATION NUMBER | |
| Edition number | 23 |
| Classification number | 150.19 |
| Item number | MARE |
| 100 ## - MAIN ENTRY--PERSONAL NAME | |
| Personal name | Herbert Marcuse |
| 100 ## - MAIN ENTRY--PERSONAL NAME | |
| 9 (RLIN) | 67116 |
| 245 ## - TITLE STATEMENT | |
| Title | Eros and civilisation: |
| Remainder of title | A philosophical inquiry into freud |
| 260 ## - PUBLICATION, DISTRIBUTION, ETC. | |
| Place of publication, distribution, etc. | London |
| Name of publisher, distributor, etc. | ARK Paper Backs |
| Date of publication, distribution, etc. | 1956 |
| 300 ## - PHYSICAL DESCRIPTION | |
| Extent | xii,277p. |
| Other physical details | PB |
| Dimensions | 19x13cm |
| 365 ## - TRADE PRICE | |
| Source of price type code | Psychology |
| 520 ## - SUMMARY, ETC. | |
| Summary, etc. | In this classic work, Herbert Marcuse takes as his starting point Freud's statement that civilization is based on the permanent subjugation of the human instincts, his reconstruction of the prehistory of mankind - to an interpretation of the basic trends of western civilization, stressing the philosophical and sociological implications. |
| 650 ## - SUBJECT ADDED ENTRY--TOPICAL TERM | |
| Topical term or geographic name entry element | Reality Principle |
| 9 (RLIN) | 67117 |
| 650 ## - SUBJECT ADDED ENTRY--TOPICAL TERM | |
| Topical term or geographic name entry element | Repressed Individual |
| 9 (RLIN) | 67118 |
| 650 ## - SUBJECT ADDED ENTRY--TOPICAL TERM | |
| Topical term or geographic name entry element | Repressive Cilvilization |
| 9 (RLIN) | 67119 |
| 650 ## - SUBJECT ADDED ENTRY--TOPICAL TERM | |
| Topical term or geographic name entry element | Aesthetic Dimension |
| 9 (RLIN) | 67120 |
| 650 ## - SUBJECT ADDED ENTRY--TOPICAL TERM | |
| Topical term or geographic name entry element | Eros and Thanatos |
| 9 (RLIN) | 67121 |
| 700 ## - ADDED ENTRY--PERSONAL NAME | |
| Personal name | MARCUSE (Herbert) |
| 9 (RLIN) | 67122 |
| 942 ## - ADDED ENTRY ELEMENTS (KOHA) | |
| Source of classification or shelving scheme | Dewey Decimal Classification |
| Koha item type | Donated Books |
| Withdrawn status | Lost status | Source of classification or shelving scheme | Damaged status | Not for loan | Collection code | Home library | Current library | Date acquired | Total Checkouts | Full call number | Barcode | Date last seen | Price effective from | Koha item type | Public note |
|---|---|---|---|---|---|---|---|---|---|---|---|---|---|---|---|
| Dewey Decimal Classification | Psychology | St Aloysius Library | St Aloysius Library | 11/29/2014 | 150.19 MARE | D05354 | 12/20/2022 | 12/20/2022 | Donated Books | Donated by V. T. Rajshekar |